01100nam a22002537a 45000010005000000030006000050050017000110080041000280200018000690400029000870500014001160820011001301000027001412450050001682500045002182600039002633000045003024900029003475050008003765200383003845210020007675210020007876500039008074808FISKH20241014163733.0241014b cb ||||| |||| 00| 0 eng d a9780545447843 aFISKHbengcFISKHdFISKH aPZ7.W6713 a813.54 aWilliams-Garcia, Rita  aOne Crazy Summer / cby Rita Williams-Garcia  aFirst Scholastic printing , January 2012 aNew York : bScholastic ; c2010 . a218 pages : billustrations ; c20 cm .  a Gaither Sisters Trilogy aR  aIn the summer of 1968, after travelling from Brooklyn to Oakland, California, to spend a month with the mother they barely know, eleven-year-old Delphine and her two younger sisters arrive to a cold welcome as they discover that their mother, a dedicated poet and printer, is resentful of the intrusion of their visit and wants them to attend a nearby Black Panther summer camp.8 a750 bLexile 8 aR bRaz-Plus  aBlack Panthersvhistorical fiction